Estudios sobre el Concilio Trento en su cuarto centenario (Record no. 19877)
[ view plain ]
| 000 -LEADER | |
|---|---|
| campo de control de longitud fija | 00855nam a2200217 i 4500 |
| 001 - NÚMERO DE CONTROL | |
| campo de control | 19877 |
| 003 - IDENTIFICADOR DE NÚMERO DE CONTROL | |
| campo de control | ES-MaACL |
| 005 - FECHA Y HORA DE LA ÚLTIMA TRANSACCIÓN | |
| campo de control | 20250930063036.0 |
| 007 - CAMPO FIJO DE DESCRIPCIÓN FÍSICA--INFORMACIÓN GENERAL | |
| campo de control de longitud fija | t| |
| 008 - DATOS DE LONGITUD FIJA--INFORMACIÓN GENERAL | |
| campo de control de longitud fija | 021023s1946 sp ||||1| spa d |
| 080 ## - NÚMERO DE LA CLASIFICACIÓN DECIMAL UNIVERSAL | |
| Número de la Clasificación Decimal Universal | 262.5 Trento |
| 100 1# - ENTRADA PRINCIPAL--NOMBRE DE PERSONA | |
| Nombre de persona | Solana, Marcial, |
| Fechas asociadas al nombre | 1880-1958 |
| 9 (RLIN) | 107070 |
| 245 10 - MENCIÓN DEL TÍTULO | |
| Título | Estudios sobre el Concilio Trento en su cuarto centenario |
| Resto del título | : valor teológico de la tradición : un abad de Santander en el Concilio de Trento / |
| Mención de responsabilidad, etc. | por Marcial Solana. |
| 260 ## - PUBLICACIÓN, DISTRIBUCIÓN, ETC. | |
| Lugar de publicación, distribución, etc. | Santander : |
| Nombre del editor, distribuidor, etc. | [s.n.], |
| Fecha de publicación, distribución, etc. | 1946 ( |
| Fabricante | Imp. Provincial) |
| 300 ## - DESCRIPCIÓN FÍSICA | |
| Extensión | 222 p. ; |
| Dimensiones | 18 cm. |
| 490 1# - MENCIÓN DE SERIE | |
| Mención de serie | Anejos del Boletín de la Biblioteca de Menéndez Pelayo ; |
| Designación de volumen o secuencia | 1 |
| 611 27 - PUNTO DE ACCESO ADICIONAL DE MATERIA--NOMBRE DE REUNIÓN/CONGRESO | |
| Nombre de congreso/reunión o jurisdicción como elemento de entrada | Concilio de Trento |
| Fecha del congreso o de la firma del tratado | (1545-1563) |
| Fuente del encabezamiento o término | |
| 9 (RLIN) | 135069 |
| 830 0# - PUNTO DE ACCESO ADICIONAL DE SERIE-TÍTULO UNIFORME | |
| Título uniforme | Anejos del Boletín de la Biblioteca de Menéndez Pelayo ; |
| Designación de volumen o secuencia | 1 |
| 9 (RLIN) | 180629 |
| 852 ## - LOCALIZACIÓN | |
| Ubicación | ES-MaACL |
| Número de control de estantería | E-5128 |
| Estatus retirado | Estado de pérdida | Estado de daño | No para préstamo | Biblioteca de origen | Biblioteca actual | Ubicación en estantería | Fecha de adquisición | Fuente de adquisición | Total de préstamos | Signatura topográfica completa | Código de barras | Visto por última vez | Precio de reemplazo | Tipo de ítem Koha |
|---|---|---|---|---|---|---|---|---|---|---|---|---|---|---|
| Biblioteca del Ateneo de Madrid | Biblioteca del Ateneo de Madrid | Depósito 2 | 17/01/2008 | E-5128 | 1020357 | 23/02/2023 | 23/02/2023 | Libro impreso |
